| 000 | 00991cam a2200385 4500 | ||
|---|---|---|---|
| 008 | 090401t1995 xxu||||| |||| 00| 0 eng d | ||
| 020 | _a0333629035 | ||
| 035 | _a(Sirsi) u25748 | ||
| 041 | _aeng | ||
| 050 | _a333.337 | ||
| 100 | _aBalchin, P. | ||
| 245 | _aUrban land economics and public policy | ||
| 250 | _a5th ed. | ||
| 260 |
_aBasingstoke _bMacmillan _c1995 |
||
| 300 | _axv,390p. ; 24cm. | ||
| 350 | _a16.95 | ||
| 490 | _aMacmillan Building and Surveying Series | ||
| 650 | _aBUILDING INDUSTRY | ||
| 650 | _aDEVELOPMENT ECONOMICS | ||
| 650 | _aDEVELOPMENT | ||
| 650 | _aHOUSING | ||
| 650 | _aINVESTMENT APPRAISAL | ||
| 650 |
_aLand use _96251 |
||
| 650 | _aPROPERTY INVESTMENT | ||
| 650 | _aPROPERTY | ||
| 650 | _aPUBLIC POLICY | ||
| 650 | _aURBAN AREAS | ||
| 650 | _aURBAN LAND ECONOMICS | ||
| 650 | _aURBAN RENEWAL | ||
| 690 | _aURBAN RENEWAL | ||
| 700 | _aBull, Gregory H | ||
| 700 | _aKieve, Jeffrey L | ||
| 942 | _n0 | ||
| 948 | _c04/03/1997 | ||
| 999 |
_c88792 _d88792 |
||